Group tests of intelligence, (Record no. 552001)
[ view plain ]
| 000 -LEADER | |
|---|---|
| fixed length control field | 00483nam a2200145 4500 |
| 082 ## - DEWEY DECIMAL CLASSIFICATION NUMBER | |
| Classification number | 153.93 |
| Author Mark | BAL |
| 100 1# - MAIN ENTRY--PERSONAL NAME | |
| Personal name | Ballard, Philip Boswood, |
| 9 (RLIN) | 49183 |
| 245 10 - TITLE STATEMENT | |
| Title | Group tests of intelligence, |
| Statement of responsibility, etc. | by Philip Boswood Ballard. |
| 260 ## - PUBLICATION, DISTRIBUTION, ETC. | |
| Place of publication, distribution, etc. | London, |
| -- | New York [etc.] |
| Name of publisher, distributor, etc. | Hodder and Stoughton, ltd. |
| Date of publication, distribution, etc. | [1922] |
| 300 ## - PHYSICAL DESCRIPTION | |
| Extent | x, 252 p. |
| Other physical details | illus., tables, diagrs. |
| Dimensions | 19 cm. |
| 526 ## - STUDY PROGRAM INFORMATION NOTE | |
| Program name | 0 |
| Interest level | 0 |
| Reading level | 0 |
| Title point value | 153_930000000000000_BAL |
| 650 #0 - SUBJECT ADDED ENTRY--TOPICAL TERM | |
| Topical term or geographic name entry element | MCE |
| 9 (RLIN) | 379 |
| 650 #0 - SUBJECT ADDED ENTRY--TOPICAL TERM | |
| Topical term or geographic name entry element | Psychological tests. |
| 9 (RLIN) | 3193 |
| 942 ## - ADDED ENTRY ELEMENTS (KOHA) | |
| Source of classification or shelving scheme | |
| Koha item type | Book |
| Withdrawn status | Lost status | Source of classification or shelving scheme | Damaged status | Not for loan | Permanent Location | Current Location | Date acquired | Total Checkouts | Full call number | Barcode | Date last seen | Price effective from | Koha item type |
|---|---|---|---|---|---|---|---|---|---|---|---|---|---|
| Military College of Engineering (MCE) | Military College of Engineering (MCE) | 01/05/2015 | 153.93 BAL | MCE-ECG/26 | 01/05/2015 | 01/05/2015 | Book |
